| 000 | 00734nam a2200229Ia 4500 | ||
|---|---|---|---|
| 003 | OSt | ||
| 005 | 20220925204351.0 | ||
| 006 | a|||||r|||| 00| 0 | ||
| 007 | ta | ||
| 008 | 220923b |||||||| |||| 00| 0 eng d | ||
| 020 | _a9789211172331 | ||
| 037 | _cGeneral Book | ||
| 040 |
_aRTL _cRTL _beng |
||
| 041 |
_2eng _aeng |
||
| 082 | _aX9(F55):77.1, R0/UN | ||
| 100 |
_aUNITED NATIONS ECONOMIC COMMISSION FOR EUROPE _9268290 |
||
| 245 | 0 |
_aUnited Nations framework classification for resources _b Update 2019 |
|
| 260 |
_aGeneva _bUnited Nations _c2020 |
||
| 300 |
_av,20p _ccm. |
||
| 942 |
_hX9(F55):77.1, R0/UN _cGB _2CC |
||
| 999 |
_c549222 _d549222 |
||